La promoción de la mujer

Uloženo v:
Podrobná bibliografie
Hlavní autor: Sartin, Pierrette (Autor)
Médium: Kniha
Jazyk:španělština
Vydáno: Barcelona Labor 1968
Edice:Nueva Colección Labor
Témata:
Tagy: Přidat tag
Žádné tagy, Buďte první, kdo vytvoří štítek k tomuto záznamu!

MARC

LEADER 00000nam a2200000 a 4500
001 UCY7534
003 CL-VaPUC
008 950614e19680000SP |||||||||||||||||spa|d
082 0 4 |a 305.4  |b SAR  |2 21 
100 0 |a Sartin, Pierrette  |e author  |9 338053 
245 1 3 |a La promoción de la mujer 
300 |a 238 p 
942 |c BK 
945 |d 19950614 00:00:00  |a rbrito 
260 |a Barcelona  |b Labor  |c 1968 
650 0 |a Mujeres  |9 257649 
650 0 |a Aspectos sociales  |9 254894 
650 0 |a Derechos de la mujer  |9 257074 
650 7 |a EMPLEO DE LAS MUJERES  |2 CL-VaPUC  |9 337531 
583 |a last modification  |c 19950614 00:00:00  |k Rodrigo Vera 
490 0 |a Nueva Colección Labor 
999 |c 234883  |d 234881 
952 |0 0  |1 0  |4 0  |6 305_400000000000000_SAR_1968  |7 0  |8 A  |9 241654  |a BIBGIM  |b BIBGIM  |d 2019-11-18  |i 2006227  |o 305.4 SAR 1968  |p 2006227  |r 2025-01-15  |w 2019-11-18  |y BK  |k SSL